| 000 | 00530nam a22001937a 4500 | ||
|---|---|---|---|
| 003 | KOHA_MİRAKIL | ||
| 005 | 20250409155932.0 | ||
| 008 | 250409b tu ||||| |||| 00| 0 tur d | ||
| 020 | _a9789750408830 | ||
| 040 |
_aTR-AnABB _btur _cTR-AnABB |
||
| 041 | _atur | ||
| 082 |
_a813.42 _bBAL 2021 |
||
| 100 | 1 | _aBalkız, Ali, | |
| 245 | 1 | 0 |
_aBüyümek istedim / _cAli Balkız |
| 260 |
_aİstanbul : _bLiteratür Yayınları, _c2021 |
||
| 300 |
_a244 sayfa ; _c22 cm |
||
| 650 | 0 | 4 | _aTürk edebiyatı, roman |
| 942 |
_2ddc _cBK |
||
| 999 |
_c8618 _d8618 |
||
| 900 | _bGizem YORULMAZ | ||